| 000 | 00416nam a2200133Ia 4500 | ||
|---|---|---|---|
| 008 | 211109s9999||||xx |||||||||||||| ||und|| | ||
| 082 |
_a494.81203 _bSRE-S |
||
| 100 | _aSreekandeswaram, | ||
| 245 | 0 | _aSabdha Thaaravali | |
| 260 |
_bNATIONAL BOOKSTALL _aKottayam _c1977 |
||
| 630 | _xGeneral Stack | ||
| 650 |
_aMalayalam Language _vAltaic, Uralic, Hyperborean & Dravidian _xDictionaryLanguageMalayalam |
||
| 942 | _cBOOK | ||
| 999 |
_c69344 _d69344 |
||